Educación tecnológica: programa de estudio sexto año básico NB4
Guardat en:
| Format: | Llibre |
|---|---|
| Idioma: | espanyol |
| Publicat: |
Santiago
Ministerio de Educación
1999
|
| Col·lecció: | Educación Básica, 6
|
| Matèries: | |
| Etiquetes: |
Afegir etiqueta
Sense etiquetes, Sigues el primer a etiquetar aquest registre!
|
MARC
| LEADER | 00000cam a2200000 a 4500 | ||
|---|---|---|---|
| 001 | UCP9505 | ||
| 003 | CL-VaPUC | ||
| 008 | 000331e19990000CL |||||||||||||||||spa|d | ||
| 020 | |a 9567933030 | ||
| 082 | 0 | 4 | |a 372.358 |b MIN |2 21 |
| 245 | 1 | 0 | |a Educación tecnológica: programa de estudio sexto año básico NB4 |
| 300 | |a 70 p | ||
| 942 | |c BK | ||
| 945 | |d 20000331 00:00:00 |a rbrito | ||
| 260 | |a Santiago |b Ministerio de Educación |c 1999 | ||
| 650 | 0 | |a Educación tecnológica |9 307597 | |
| 650 | 0 | |a Métodos de enseñanza |9 270413 | |
| 650 | 0 | |a Educación básica |9 224933 | |
| 583 | |a last modification |c 20171005 03:04:34 |k Rodrigo Vera | ||
| 490 | 0 | |a Educación Básica, 6 | |
| 999 | |c 286317 |d 286315 | ||
| 952 | |0 0 |1 0 |4 0 |6 372_358000000000000_MIN_1999 |7 0 |8 R |9 332008 |a BIBEDU |b BIBEDU |d 2019-11-20 |i 3778339 |o 372.358 MIN 1999 |p 3778339 |r 2019-11-20 |w 2019-11-20 |y BK_R |k EPE | ||
| 952 | |0 0 |1 0 |4 0 |6 372_358000000000000_MIN_1999 |7 0 |8 R |9 332009 |a BIBEDU |b BIBEDU |d 2019-11-20 |i 3935353 |o 372.358 MIN 1999 |p 3935353 |r 2019-11-20 |w 2019-11-20 |y BK_R |k EPE | ||
| 952 | |0 0 |1 0 |4 0 |6 372_358000000000000_MIN_1999 |7 0 |8 R |9 332010 |a BIBEDU |b BIBEDU |d 2019-11-20 |i 3935361 |o 372.358 MIN 1999 |p 3935361 |r 2019-11-20 |w 2019-11-20 |y BK_R |k EPE | ||
| 952 | |0 0 |1 0 |4 0 |6 372_358000000000000_MIN_1999 |7 0 |8 R |9 332011 |a BIBEDU |b BIBEDU |d 2019-11-20 |i 4082265 |o 372.358 MIN 1999 |p 4082265 |r 2019-11-20 |w 2019-11-20 |y BK_R |k EPE | ||
| 952 | |0 0 |1 0 |4 0 |6 372_358000000000000_MIN_1999 |7 0 |8 R |9 332013 |a BIBEDU |b BIBEDU |d 2019-11-20 |i 463280K |o 372.358 MIN 1999 |p 463280K |r 2019-11-20 |w 2019-11-20 |y BK_R |k EBA | ||
| 952 | |0 0 |1 0 |4 0 |6 372_358000000000000_MIN_1999 |7 0 |8 R |9 332014 |a BIBEDU |b BIBEDU |d 2019-11-20 |i 4632818 |o 372.358 MIN 1999 |p 4632818 |r 2019-11-20 |w 2019-11-20 |y BK_R |k EBA | ||